LEADER 01252nam a2200313 u 4500 001 000000079999 003 CaOOAMICUS 005 20070226123611.0 008 040621s2003 it u000 u ita u 020 $a883110215X 035 $a11001083 040 $aPUL$bita 041 1 $aita$hfre 100 1 $aPascal, Blaise,$d1623-1662.$0(OLS)http://pul/name/8943 240 10$aPensées.$lItaliano.$0(OLS)http://pul/title/104799 245 10$aPensieri /$cnuova edizione a cura di Philippe Sellier ... ; traduzione e introduzione di Benedetta Papasogli. 260 $aRoma :$bCittà Nuova,$cc2003. 300 $a594 p. ;$c20 cm 490 1 $aArbor Vitae 504 $aBibliografia in nota. 700 1 $aPapàsogli, Benedetta.$0(OLS)http://pul/name/1485 700 1 $aSellier, Philippe,$d1931-$0(OLS)http://pul/name/53315 830 0$aArbor Vitae.$0(OLS)http://pul/title/104800 850 $aPUL 852 $aPUL$W1$xSL Religione 3$y85$m239. 7 PASBL 1$j102243$nBK-PRI$b $qDDC 21$B102243$CPULBib$Z2$F102243 $HPUL95035 $81 941 1 $a9 996 $6020$a883110215X$9(OLS)http://pul/number/105520 996 $6245$aPensieri$9(OLS)http://pul/title/70097 996 $6260$aRoma :$bCittà Nuova$9(OLS)http://pul/publisher/47927 LEADER 01810nam a2200313 u 4500 001 000000008006 003 CaOOAMICUS 005 20070226105040.0 008 940713m19589999ne u000 u fre u 035 $a10207182 040 $aIAR$bita 110 2 $aCommission internationale d'histoire ecclésiastique comparée.$0(OLS)http://pul/name/7975 245 10$aBibliographie de la réforme 1450-1648 :$bouvreges parus de 1940 à 1955 .. 250 $a2. éd. augmentée. 260 $aLeiden :$bE. J. Brill,$c1958- 300 $a7 v. ;$c24 cm 490 1 $aCommission internationale d'histoire ecclésiastique comparée au sein du Comité international des sciences historiques. 505 1 $a1. Allemagne. Pays-Bas. -- 2. Belgique. Suède. Norvège. Danemark. Irlande. États-Unis d'Amérique. -- 3. Italie. Espagne. Portugal. -- 4. France. Angleterre. Suisse. -- 5. Pologne. Hongrie. Tchécoslovaquie. Finlande. -- 6. Autriche. Ouvrages parus de 1940 à 1960. -- 7. Écosse. -- 8. Benelux. Ouvrages parus de 1956 à 1975/6. 650 4$aRiforma$xBibliografia.$0(OLS)http://pul/subject/6966 700 12$aHalkin, Léon-Ernest,$d1906-1998.$0(OLS)http://pul/name/7976 700 12$aQueguiner, Jean.$0(OLS)http://pul/name/7977 700 12$aDupre Theseider, Eugenio,$d1898-1975.$0(OLS)http://pul/name/4693 700 12$aBrezzi, Paolo,$d1910-1998.$0(OLS)http://pul/name/724 850 $aPUL 852 $aPUL$W1$xDP1 Fondo Maccarrone$y58$m1505 A 25$j11347$nBK-PRI$b $qFondi$B11347$CPULBib$Z2$F11347 $H $81 941 1 $a1 961 $aINV: 01404 -- Fondo Mons. M. Maccarrone 996 $6245$aBibliographie de la réforme 1450-1648 :$bouvreges parus de 1940 à 1955 ..$9(OLS)http://pul/title/11647 996 $6260$aLeiden :$bE. J. Brill$9(OLS)http://pul/publisher/48610